| 000 | 00569nam a22001697a 4500 | ||
|---|---|---|---|
| 999 |
_c8585 _d8585 |
||
| 008 | 201207b ||||| |||| 00| 0 eng d | ||
| 040 | _aBMS College of Architecture | ||
| 100 | _aKanjithanda, Jayaprakash Lisa | ||
| 245 | _aSymbiotic center - orphanage and senior citizen's retreat | ||
| 300 | _a31p. | ||
| 500 | _a1BM13AT084 | ||
| 502 |
_8B,Arch _NBMS College of Architecture, Visvesvaraya Technological University (VTU) _aProject report _d2017 |
||
| 650 | _aOrphanage | ||
| 700 |
_aDakshayini R Patil _eGuide |
||
| 700 |
_aJjoseph Alwin B _eGuide |
||
| 942 |
_2ddc _cTHE |
||